00585nam a2200193Ia 4500008004100000020001800041050001400059100001900073245001700092245003400109245004500143260001500188260001800203260000900221300001400230300002500244999001900269952010300288180207s9999 xx 000 0 und d a9780440847373 bD419 1992 aDePaola, Tomie aFin M'Coul : bthe giant of knockmany hill / cretold and illustrated by Tomie DePaola. aNew York : bTrumpet Club, c1992 aunpaged : bcolor illustration ; c355271d355271 001040aSSISMbSSISMd2018-02-07l0oER D419 1992pSSISM4816r2018-02-07 00:00:00w2018-02-07yBK